00662nam a2200169 a 450000100100000000500170001000800410002704000250006808200160009310000280010924500490013726000760018630000200026204900090028295201840029199900170047500003223520200930063538.0110713s1936 dr 000 | spa d aDO-SdBNPbspacBNPHU axxxxbM839e1 aMorel, Emilio A.93047010aEn voz alta :bdiscursos /cEmilio A. Morel. aCiudad Trujillo, República Dominicana :bTipografía Cambier,c1936. a55 p. ;c20 cm. aBNPD 001050718RVaPDbPDcCTd2011-07-13iLF1l0oxxxx M839ep32235-10r2020-06-25w2020-06-25y1zPerteneció a la biblioteca personal de Carlos Larrazábal Blanco.ZNo se presta c31726d31726